[Event "XLIV Capablanca Memorial Open"]
[Site "Havana CUB"]
[Date "2009.06.17"]
[Round "9"]
[White "Lorenzana,W"]
[Black "Guerra Tulcan,L"]
[Result "0-1"]
[WhiteElo "2215"]
[BlackElo "2343"]

1.e4 c5 2.Nf3 e6 3.d4 cxd4 4.Nxd4 Nc6 5.Nc3 Qc7 6.Nxc6 bxc6 7.Bd3 Nf6 8.O-O e5
9.f4 Bc5+ 10.Kh1 d6 11.Qf3 Bg4 12.Qg3 h5 13.Na4 Bb4 14.a3 Ba5 15.b4 Bb6 16.Nxb6 axb6
17.fxe5 dxe5 18.Bb2 Nd7 19.Bc4 O-O 20.h3 Be6 21.Bxe6 fxe6 22.Qg5 c5 23.b5 c4
24.Bc3 Nc5 25.Rfe1 Rf2 26.Bxe5 Qf7 27.Bd4 Rxc2 28.Bxc5 bxc5 29.Qxc5 Qg6 30.Qg1 Qg3
31.Re3 Qg5 32.b6 Rb8 33.Rb1 Rxg2 34.Qxg2 Qxe3 35.b7 Qd3 36.Rb4 c3 37.Qa2 Qxh3+
38.Kg1 Qg3+ 39.Kh1 Qe1+ 40.Kg2 Qd2+ 41.Qxd2 cxd2 42.Rd4 Rxb7 43.Rxd2 Ra7
44.Rd3 Kf7 45.Kg3 g5 46.Rb3 Kf6 47.Kf3 Ra4 48.Rc3 g4+ 49.Kf4 e5+ 50.Kg3 Kg5  0-1

[Event "13th Master Open"]
[Site "Voronezh RUS"]
[Date "2009.06.17"]
[Round "6"]
[White "Sjugirov,S"]
[Black "Sharafiev,A"]
[Result "1-0"]
[WhiteElo "2588"]
[BlackElo "2432"]

1.e4 c5 2.Nf3 e6 3.d4 cxd4 4.Nxd4 Nc6 5.Nc3 Qc7 6.g3 a6 7.Bg2 d6 8.O-O Bd7
9.Nxc6 Bxc6 10.a4 Be7 11.Qg4 h5 12.Qe2 h4 13.a5 hxg3 14.hxg3 Nf6 15.Be3 e5
16.Rfd1 Rc8 17.Bg5 Ng8 18.Qd2 Bxg5 19.Qxg5 Kf8 20.Rd3 Rh6 21.Qd2 Ne7 22.Rd1 Qxa5
23.Rxd6 Rxd6 24.Qxd6 Qc7 25.Qa3 Rd8 26.Rxd8+ Qxd8 27.Nd5 Ke8 28.c4 Nc8 29.Qe3 Kf8
30.Qc3 Qe8 31.Qb4+ Kg8 32.Bh3 Bd7 33.Bg2 Bc6 34.b3 Qf8 35.Qa5 Qd6 36.Bh3 Bxd5
37.exd5 Ne7 38.Bg2 b6 39.Qxa6 f5 40.Qb5 e4 41.b4 Kh7 42.Qe8 Qxb4 43.Qh5+ Kg8
44.Qe8+ Kh7 45.Bh3 Qe1+ 46.Kg2 e3 47.Qh5+ Kg8 48.Qe8+ Kh7 49.Qh5+ Kg8 50.fxe3 Qd2+
51.Kh1 Qxe3 52.Qe8+ Kh7 53.Bxf5+ g6 54.Bxg6+ Kh6 55.Bh5 Qc1+ 56.Kg2 Qc2+
57.Kg1 Qc1+ 58.Kf2 Qc2+ 59.Be2 Qh7  1-0

[Event "III Ruy Lopez"]
[Site "Zafra ESP"]
[Date "2009.06.17"]
[Round "5"]
[White "Cheparinov,I"]
[Black "Cramling,P"]
[Result "1-0"]
[WhiteElo "2678"]
[BlackElo "2528"]

1.e4 c5 2.Nf3 e6 3.d4 cxd4 4.Nxd4 Nc6 5.Nc3 Qc7 6.Be3 a6 7.Qd2 Nf6 8.O-O-O Be7
9.f3 h5 10.Nxc6 bxc6 11.h3 h4 12.Bf4 e5 13.Bg5 Rb8 14.Bc4 Rb4 15.Bb3 a5 16.a3 Rxb3
17.cxb3 O-O 18.f4 d6 19.Bxf6 Bxf6 20.Qxd6 Qb7 21.f5 Qxb3 22.Qd3 Ba6 23.Qxa6 Bg5+
24.Kb1 Rb8 25.Qe2 Qxc3 26.Ka1 Qc5 27.Rd3 Qb6 28.Rhd1 Be7 29.Qd2 Kh7 30.Qc3 f6
31.g4 hxg3 32.Rxg3 Rb7 33.Rdd3 a4 34.Qd2 Qb5 35.Qe2 Kg8 36.Qg2 Bf8 37.Rd8 Qa5
38.Rgd3 c5 39.Qc2 Qb5 40.Ra8 Kf7 41.Rxa4 Be7 42.Qc4+ Qxc4 43.Rxc4 g6 44.fxg6+ Kxg6
45.Rg3+ Kf7 46.a4  1-0

[Event "XXVII Open A"]
[Site "Balatonlelle HUN"]
[Date "2009.06.18"]
[Round "6"]
[White "Meszaros,T"]
[Black "Mihok,O"]
[Result "1/2-1/2"]
[WhiteElo "2434"]
[BlackElo "2364"]

1.e4 c5 2.Nf3 e6 3.d4 cxd4 4.Nxd4 Nc6 5.Nc3 Qc7 6.Be3 a6 7.Qd2 Nf6 8.O-O-O Bb4
9.f3 Ne5 10.Nb3 b5 11.Kb1 Be7 12.Qf2 Rb8 13.g4 h6 14.h4 b4 15.Na4 d6 16.Be2 Bd7
17.Nb6 Bb5 18.g5 Nh5 19.f4 Bxe2 20.Qxe2 Nxf4 21.Qxa6 hxg5 22.hxg5 Rxh1 23.Rxh1 Nfg6
24.Na5 Kf8 25.Rd1 Bxg5 26.Na8 Qc8 27.Qxc8+ Rxc8 28.Nb6 Rb8 29.Bxg5 Rxb6 30.Bd8 Ra6
31.Nb7 Nc4 32.b3 Na3+ 33.Kc1 Nb5 34.c4 Nc3 35.Rxd6 Rxa2 36.Ba5 Ra1+ 37.Kb2 Ra2+
38.Kc1  1/2-1/2

[Event "XLIV Capablanca Memorial Premier"]
[Site "Havana CUB"]
[Date "2009.06.18"]
[Round "6"]
[White "Quezada Perez,Y"]
[Black "Potkin,V"]
[Result "1/2-1/2"]
[WhiteElo "2596"]
[BlackElo "2621"]

1.e4 c5 2.Nf3 e6 3.d4 cxd4 4.Nxd4 Nc6 5.Nc3 Qc7 6.Be3 Nf6 7.Qd2 Nxd4 8.Bxd4 e5
9.Nb5 Qb8 10.Be3 a6 11.Nc3 Bb4 12.f3 Qc7 13.Rd1 d6 14.a3  1/2-1/2

[Event "XLIV Capablanca Memorial Elite"]
[Site "Havana CUB"]
[Date "2009.06.18"]
[Round "6"]
[White "Savchenko,B"]
[Black "Timofeev,Arty"]
[Result "1-0"]
[WhiteElo "2655"]
[BlackElo "2677"]

1.e4 c5 2.Nf3 e6 3.d4 cxd4 4.Nxd4 Nc6 5.Nc3 Qc7 6.Be3 Nf6 7.Qd2 Bb4 8.f3 Nxd4
9.Qxd4 Bxc3+ 10.bxc3 O-O 11.Qc5 Qb8 12.Bg5 d5 13.O-O-O Bd7 14.Qe3 Qd6 15.c4 Qe5
16.exd5 Qxe3+ 17.Bxe3 Rfc8 18.Kb2 Ba4 19.dxe6 fxe6 20.Bd3 Nd7 21.Ka3 Bc6
22.Rhe1 a6 23.h4 Re8 24.Bf2 Rac8 25.Kb4 Re7 26.Bf5 Rce8 27.Be4 Bxe4 28.Rxe4 e5
29.Bc5 Nxc5 30.Kxc5 Rc8+ 31.Kb4 Kf7 32.Rd6 Rcc7 33.g4 h6 34.c5 Rc6 35.Rxc6 bxc6
36.Ka5 g5 37.hxg5 hxg5 38.Kxa6 Ke6 39.Kb6 Rf7 40.Re3 Kd5 41.a4  1-0

[Event "13th FIDE Open"]
[Site "Voronezh RUS"]
[Date "2009.06.18"]
[Round "7"]
[White "Ponomariov,T"]
[Black "Gritsenko,V"]
[Result "1-0"]
[WhiteElo "2292"]
[BlackElo "2245"]

1.e4 c5 2.Nf3 e6 3.d4 cxd4 4.Nxd4 Nc6 5.Nc3 Qc7 6.Be2 d6 7.O-O Nf6 8.Be3 Be7
9.f4 O-O 10.Qe1 a6 11.Qg3 Nxd4 12.Bxd4 b5 13.a3 Bb7 14.Rae1 Bc6 15.Kh1 Qb7
16.Bd3 b4 17.axb4 Qxb4 18.Ne2 Qb7 19.e5 dxe5 20.Bxe5 g6 21.Nd4 Ne4 22.Qf3 f5
23.Nxc6 Qxc6 24.Rxe4 fxe4 25.Bxe4 Qc8 26.Bb7 Qe8 27.Bc6 Qc8 28.Bxa8 Qxa8
29.Qxa8 Rxa8 30.Rd1 Ra7 31.Rd4 Kf7 32.g3 Ke8 33.Kg2 Rb7 34.b3 Rb5 35.Rc4 Bc5
36.Kf3 Kd7 37.g4 Bb6 38.Ke4 Bc5 39.Rc3 Rb4+ 40.Kf3 Rb5 41.Rd3+ Ke8 42.Bd6 Ba7
43.b4 Rd5 44.Ke4 h5 45.Rxd5 exd5+ 46.Kxd5 hxg4 47.Ke6 Bg1 48.f5 gxf5 49.Kxf5 Kd7
50.Be5 Bf2 51.c3 Be1 52.Kxg4 Ke6 53.Bd4  1-0

[Event "13th Master Open"]
[Site "Voronezh RUS"]
[Date "2009.06.18"]
[Round "7"]
[White "Popov,Iv RUS"]
[Black "Tunik,G"]
[Result "1-0"]
[WhiteElo "2568"]
[BlackElo "2499"]

1.e4 c5 2.Nf3 e6 3.d4 cxd4 4.Nxd4 Nc6 5.Nc3 a6 6.Be3 Qc7 7.Qd2 Nf6 8.O-O-O Bb4
9.f3 Ne5 10.Nb3 Be7 11.f4 Nc4 12.Bxc4 Qxc4 13.e5 Ng4 14.Bd4 f5 15.h3 Nh6
16.Bb6 Bb4 17.Qe3 a5 18.Nc5 Bxc3 19.bxc3 Qxa2 20.Qd3 Nf7 21.c4 g5 22.g3 gxf4
23.gxf4 Rg8 24.Qc3 a4 25.Rhg1 Rg6 26.Rxg6 hxg6 27.Rg1 Nh8 28.h4 a3 29.h5 Kf7
30.hxg6+ Nxg6 31.Qg3 Qb2+ 32.Kd2 Qb4+ 33.c3 Qb2+ 34.Ke3 Nf8 35.Qg7+ Ke8 36.Bd8 Ng6
37.Bf6 Qxc3+ 38.Nd3 d5 39.exd6  1-0

[Event "Open"]
[Site "Teplice CZE"]
[Date "2009.06.20"]
[Round "8"]
[White "White,Mi"]
[Black "Tuma,Ja"]
[Result "0-1"]
[WhiteElo "2265"]
[BlackElo "2103"]

1.e4 c5 2.Nf3 e6 3.d4 cxd4 4.Nxd4 Nc6 5.Nc3 a6 6.Nxc6 bxc6 7.Bd3 d5 8.O-O Nf6
9.Re1 Be7 10.e5 Nd7 11.Qg4 Kf8 12.Bd2 c5 13.Na4 c4 14.Bf1 h5 15.Qd4 Qc7 16.b3 f6
17.bxc4 fxe5 18.Qe3 Bb7 19.Rab1 Kf7 20.Nb6 Bc5 21.Nxa8 Bxa8 22.Qf3+ Nf6 23.cxd5 exd5
24.Bxa6 e4 25.Bf4 Qd7 26.Qe2 Ng4 27.Rf1 Qf5 28.Be3 Bd6 29.f4 Nxe3 30.Qxe3 d4
31.Bc4+ Ke7 32.Qg3 Qf6 33.Qg5 Rc8 34.Bb3 Rc5 35.Qxf6+ Kxf6 36.Rbd1 Rc3 37.g3 Bc5
38.Kf2 Bb7 39.a4 d3+ 40.Ke1 dxc2 41.Bxc2 Rxc2 42.Rb1 Ba6 43.Rh1 Bd3 44.h3 Ra2  0-1

[Event "13th FIDE Open"]
[Site "Voronezh RUS"]
[Date "2009.06.20"]
[Round "9"]
[White "Kharmunova,N"]
[Black "Fadin,E"]
[Result "1-0"]
[WhiteElo "2128"]
[BlackElo "2152"]

1.e4 c5 2.Nf3 e6 3.d4 cxd4 4.Nxd4 Nc6 5.Nc3 a6 6.g3 Qc7 7.Bg2 Nf6 8.O-O d6
9.h3 Be7 10.Be3 O-O 11.g4 Rb8 12.g5 Nd7 13.f4 Nxd4 14.Bxd4 b5 15.Qh5 b4 16.Ne2 e5
17.Be3 g6 18.Qh6 Qxc2 19.Ng3 exf4 20.Rxf4 Qxb2 21.Raf1 Qg7 22.Qh4 Rb5 23.e5 Nxe5
24.Ne4 Bf5 25.Nf6+ Kh8 26.Bd4 b3 27.axb3 Rxb3 28.Nh5 Qg8 29.Rxf5 gxf5 30.Rxf5 Rb5
31.Kh1 Rfb8 32.Be4 Rb1+ 33.Bxb1 Rxb1+ 34.Kh2 Rb5 35.Qf4 Qg6 36.Rxf7 Qxh5
37.Rxe7 Kg8 38.Qe4 Rb8 39.Bxe5 dxe5 40.Qxe5  1-0

[Event "Oceania Zonal"]
[Site "Gold Coast AUS"]
[Date "2009.06.21"]
[Round "4"]
[White "Schon,E"]
[Black "Bjelobrk,I"]
[Result "0-1"]
[WhiteElo "2186"]
[BlackElo "2332"]

1.e4 c5 2.Nf3 e6 3.d4 cxd4 4.Nxd4 Nc6 5.Nc3 Qc7 6.Be3 Nf6 7.f4 Bb4 8.Nb5 Qa5
9.e5 Ne4 10.Qd3 Nxc3 11.bxc3 Be7 12.Nd6+ Bxd6 13.exd6 b6 14.Be2 Bb7 15.O-O O-O
16.Rfb1 Rac8 17.a4 Nb8 18.c4 Ba6 19.Rb5 Bxb5 20.cxb5 Rc3 21.Qd4 Rxe3 22.Qxe3 Qb4
23.Qd3 Qxf4 24.c4 f5 25.Rd1 a5 26.Qd4 Qxd4+ 27.Rxd4 Kf7 28.Bf3 Rc8 29.Kf2 Kf6
30.Be2 Ke5 31.Ke3 g5 32.Kd3 h5 33.Kc3 g4 34.Rd3 Rh8 35.h3 gxh3 36.gxh3 h4
37.Bf3 Rg8 38.c5 bxc5 39.Kc4 Rg3 40.Kxc5 Rxh3 41.Kb6 Kf4 42.Kc7 Rxf3 43.Rd1 h3
44.Kxb8 h2 45.Kc7 e5 46.Kxd7 e4 47.Kc7 Rd3 48.Rh1 Kg3 49.b6 Kg2 50.Rxh2+ Kxh2
51.b7 Rc3+ 52.Kd8 Rb3 53.Kc8 e3 54.d7 e2 55.d8=Q e1=Q 56.Qh8+ Kg2 57.Qg8+ Qg3
58.Qd5+ Kh2 59.Qd2+ Kh3 60.Qh6+ Qh4  0-1

[Event "Oceania Zonal"]
[Site "Gold Coast AUS"]
[Date "2009.06.22"]
[Round "6"]
[White "Schon,E"]
[Black "Garbett,P"]
[Result "0-1"]
[WhiteElo "2186"]
[BlackElo "2319"]

1.e4 c5 2.Nf3 e6 3.d4 cxd4 4.Nxd4 Nc6 5.Nc3 Qc7 6.Be3 a6 7.Qd2 Nf6 8.O-O-O Bb4
9.f3 d5 10.Bg5 dxe4 11.Nxc6 bxc6 12.Bxf6 gxf6 13.fxe4 Qa5 14.Bc4 Bxc3 15.Qxc3 Qxc3
16.bxc3 Ke7 17.Rd2 Bb7 18.Rf1 Rhg8 19.Rf4 Rg6 20.Rdf2 Rag8 21.g3 c5 22.Kd2 Rh6
23.e5 f5 24.Be2 Rhg6 25.g4 Rd8+ 26.Kc1 Be4 27.gxf5 exf5 28.Bd3 Rg1+ 29.Kb2 Rb8+
30.Ka3 Bxd3 31.cxd3 Rc1 32.Rc4 Rb5 33.Rxf5 Rc2 34.Rcf4 Rxc3+ 35.Ka4 Rxd3
36.Rxf7+ Ke6 37.R7f6+ Kxe5 38.R6f5+ Kd6 39.Rf6+ Kd5 40.R6f5+ Kc6 41.Rf6+ Rd6
42.Rxd6+ Kxd6 43.Rh4 Rb2 44.Ka3 Rb7 45.Rh6+ Kd5 46.Rxa6 c4 47.Rh6 c3 48.Rh3 Kc4
49.Rh4+ Kd3 50.Rg4 c2 51.Rg3+ Kc4 52.Rg4+ Kc5 53.Rg5+ Kc6 54.Rg1 Rb1  0-1

[Event "SCT GM"]
[Site "Stockholm SWE"]
[Date "2009.06.23"]
[Round "7"]
[White "Lindberg,Be"]
[Black "Ivanov,Sergey1"]
[Result "0-1"]
[WhiteElo "2402"]
[BlackElo "2551"]

1.e4 c5 2.Nf3 Nc6 3.d4 cxd4 4.Nxd4 e6 5.Nc3 Qc7 6.Be3 a6 7.Qd2 Nf6 8.O-O-O Be7
9.f3 O-O 10.g4 b5 11.g5 Ne8 12.Kb1 Bb7 13.Nb3 Ne5 14.Qf2 f5 15.gxf6 Nxf6
16.Bb6 Qb8 17.Rg1 b4 18.Ne2 Nxe4 19.Qd4 Nf6 20.Nd2 Nxf3 21.Nxf3 Bxf3 22.Rd3 e5
23.Qc4+ d5 24.Qc6 e4 25.Qe6+ Rf7 26.Nd4 exd3 27.Nxf3 dxc2+ 28.Kc1 Qf4+ 29.Nd2 Ne4  0-1

[Event "Municipality Cup"]
[Site "Tbilisi GEO"]
[Date "2009.06.23"]
[Round "9"]
[White "Melia,S"]
[Black "Arabidze,M"]
[Result "0-1"]
[WhiteElo "2440"]
[BlackElo "2258"]

1.e4 c5 2.Nf3 e6 3.d4 cxd4 4.Nxd4 Nc6 5.Nc3 Qc7 6.Be3 a6 7.Qd2 Nf6 8.O-O-O Bb4
9.f3 Na5 10.Kb1 Bxc3 11.Qxc3 Qxc3 12.bxc3 d5 13.e5 Nd7 14.f4 b5 15.Nb3 Nc4
16.Bxc4 bxc4 17.Na5 f6 18.exf6 gxf6 19.Ka1 Rg8 20.g3 Rb8 21.Rb1 Rxb1+ 22.Rxb1 Kf7
23.Rd1 h5 24.f5 Ne5 25.Bf4 Ng4 26.fxe6+ Bxe6 27.h4 Kg6 28.Rb1 Bf5 29.Nc6 Rg7
30.Nd4 Re7 31.Rb6 Ne3 32.Bxe3 Rxe3 33.Rxa6 Rxc3 34.Kb2 Rxg3 35.Ra8 Rg4 36.Kc3 Bd7
37.a4 Rxh4 38.a5 Rh1 39.Rd8 Bg4 40.Kb2 c3+ 41.Ka2 Rd1 42.Rxd5 Bf3 43.Rd8 h4
44.a6 h3 45.Rg8+ Kf7 46.Rh8 Rxd4 47.Rxh3 Be4 48.Kb3 Rd6 49.a7 Ra6 50.Rh4 Bg6
51.Rc4 Rxa7 52.Rxc3 Rb7+ 53.Ka4 Be4 54.Rc8 f5 55.c4 Kg6 56.c5 Kg5 57.c6 Bxc6+
58.Rxc6 f4 59.Rc8 Kg4 60.Rg8+ Kf3 61.Rf8 Ke3 62.Re8+ Kf2  0-1

[Event "4th Polonia Wroclaw Open A"]
[Site "Warsaw POL"]
[Date "2009.06.23"]
[Round "5"]
[White "Biolek,R2"]
[Black "Balogh,C"]
[Result "0-1"]
[WhiteElo "2424"]
[BlackElo "2609"]

1.e4 c5 2.Nf3 e6 3.d4 cxd4 4.Nxd4 Nc6 5.Nc3 Qc7 6.Be3 a6 7.Be2 b5 8.Nxc6 Qxc6
9.e5 Bb7 10.Bf3 Qc7 11.O-O Ne7 12.a4 b4 13.Ne4 Nf5 14.Nd6+ Bxd6 15.exd6 Qc8
16.Bd2 Rb8 17.c3 b3 18.Bg4 Qc6 19.f3 Qxd6 20.Bxf5 Qc5+ 21.Rf2 Qxf5 22.Qxb3 O-O
23.Qa3 Bd5 24.Be3 Rb3 25.Qd6 Bc6 26.Bc5 Rc8 27.a5 h6 28.Bb4 Qb5 29.Re1 Bd5
30.Rd2 f6 31.Ree2 Kh7 32.Kf2 Rc4 33.Re3 Rcxb4 34.cxb4 Rxb4 35.Rxd5 exd5 36.Re7 Rxb2+
37.Kg3 Re2 38.Rxe2 Qxe2 39.Qxd7 Qe5+ 40.Kf2 d4 41.h4 Qe3+ 42.Kf1 Qd3+ 43.Kf2 Qd2+
44.Kf1 Qc1+ 45.Kf2 Qc2+ 46.Kf1 d3 47.Qf5+ Kh8 48.h5 Qc1+ 49.Kf2 d2 50.Qe6 Qc2
51.Qe8+ Kh7  0-1

[Event "5th Open"]
[Site "Sort ESP"]
[Date "2009.06.24"]
[Round "1"]
[White "Edo Teys,E"]
[Black "Fenil,S"]
[Result "0-1"]
[WhiteElo "1894"]
[BlackElo "2247"]

1.e4 c5 2.Nf3 e6 3.d4 cxd4 4.Nxd4 Nc6 5.Nc3 Qc7 6.Be3 a6 7.Qd2 Nf6 8.f3 Ne5
9.g4 h6 10.O-O-O Bb4 11.Bf4 d5 12.Bxe5 Qxe5 13.Qe3 Bxc3 14.Qxc3 dxe4 15.Kb1 O-O
16.Qe3 Rd8 17.Bc4 Qc7 18.Bb3 e5 19.Ne2 Rxd1+ 20.Rxd1 exf3 21.Qxf3 Bxg4 22.Qe3 e4
23.h3 Bf3 24.Rg1 Rd8 25.Nd4 Qh2 26.c3 Qxh3 27.Qf2 Ng4 28.Qf1 Qxf1+ 29.Rxf1 Ne5
30.Kc2 h5  0-1

[Event "zt 3.4"]
[Site "Tashkent UZB"]
[Date "2009.06.24"]
[Round "11"]
[White "Ismagambetov,An"]
[Black "Tologontegin,S"]
[Result "1-0"]
[WhiteElo "2525"]
[BlackElo "2367"]

1.e4 c5 2.Nf3 e6 3.d4 cxd4 4.Nxd4 Nc6 5.Nc3 Qc7 6.Be3 a6 7.Qd2 Nf6 8.O-O-O Be7
9.f3 h5 10.Nb3 Ne5 11.Qe1 b5 12.Bd4 d6 13.Kb1 Bd7 14.Qg3 Ng6 15.Qf2 Rb8 16.Bd3 b4
17.Ne2 a5 18.h3 a4 19.Nd2 h4 20.Rc1 e5 21.Be3 Be6 22.c4 Nd7 23.f4 exf4 24.Nxf4 Nxf4
25.Bxf4 Nc5 26.Qe3 a3 27.b3 Bf6 28.Bc2 O-O 29.Nf3 Rfe8 30.Rcd1 Rb6 31.Nd4 Bd7
32.Rhe1 Ne6 33.Nxe6 Rxe6 34.c5 Rc6 35.Bxd6 Qc8 36.e5 Rcxd6 37.cxd6 Rxe5 38.Qd3 Rf5
39.Rf1 g6 40.Rxf5 gxf5 41.Qe3 Bg7 42.Rd5 Bf6 43.g3 Qf8 44.gxh4 Qg7 45.Rd1 Kf8
46.Qb6 Bxh4 47.Qd4 Bf6 48.Qxb4 Qg3 49.Qc5 Qxh3 50.b4 Qh4 51.b5 Bg7 52.Qxa3 Qf6
53.Bd3 Qd4 54.Kc2 f4 55.Re1 Be5 56.Re4 Qf2+ 57.Re2 Qd4 58.Qa8+ Be8 59.Rxe5 Qxe5
60.d7 Qc7+ 61.Qc6 Qxd7 62.Qxd7 Bxd7 63.b6 Bc6 64.Ba6 f3 65.b7 Bxb7 66.Bxb7 f2
67.Bg2 Ke7  1-0

[Event "zt 3.4"]
[Site "Tashkent UZB"]
[Date "2009.06.24"]
[Round "11"]
[White "Amonatov,F"]
[Black "Utegaliyev,A"]
[Result "0-1"]
[WhiteElo "2648"]
[BlackElo "2288"]

1.e4 c5 2.Nf3 e6 3.d4 cxd4 4.Nxd4 Nc6 5.Nc3 Qc7 6.Be3 a6 7.Qd2 Nf6 8.O-O-O Bb4
9.f3 Ne5 10.Nb3 b5 11.Qe1 Rb8 12.Qf2 Bxc3 13.bxc3 d6 14.Bd4 Nc6 15.Bxf6 gxf6
16.Qh4 Qe7 17.Be2 e5 18.Rd2 a5 19.Rd5 a4 20.Nd2 b4 21.Bb5 Rxb5 22.Rxb5 bxc3
23.Nc4 O-O 24.Rd1 Be6 25.Ne3 Kg7 26.Rd3 Nd4 27.Rb4 Ne2+ 28.Kb1 Nf4 29.Rxc3 d5
30.a3 d4 31.Ng4 h5 32.Rc7 Qd8 33.Nxf6 Qxf6 34.Qxf6+ Kxf6 35.g3 Ne2 36.Rc5 Rd8
37.Kb2 d3 38.cxd3 Rxd3 39.f4 exf4 40.gxf4 Nxf4 41.Rxa4 Rb3+ 42.Ka1 Nd3 43.Rxh5 Rc3
44.Rb5 Rc1+ 45.Rb1 Rc2 46.Rd1 Nf2 47.Re1 Ke5 48.h4 Nd3 49.Rh1 Nc5 50.Kb1 Rd2
51.Rb4 Nxe4 52.Rb2 Rd3 53.h5 Rxa3 54.Rb8 Nd2+ 55.Kc2 Ra2+ 56.Rb2 Bf5+ 57.Kc3 Ne4+
58.Kb3 Ra8 59.h6 Be6+ 60.Kb4 Rb8+ 61.Ka3 Rh8 62.Kb4 Bf5 63.Rg2 Bg6 64.Rh4 Nd6
65.Rh1 Nf5 66.Rd2 Kf6 67.Kc3 Ke7 68.Kc4 Kf8 69.Kd5 Kg8 70.Ke5 Kh7 71.Kf4 Rc8
72.Ra2 Rc4+ 73.Ke5 Ng3 74.Rg1 Re4+ 75.Kd5 Ne2 76.Rxg6 Nc3+  0-1

[Event "Petr Izmailov Mem"]
[Site "Tomsk RUS"]
[Date "2009.06.24"]
[Round "1"]
[White "Belozerov,A"]
[Black "Mukashev,A"]
[Result "1-0"]
[WhiteElo "2492"]
[BlackElo "2078"]

1.e4 e6 2.Nc3 c5 3.Nf3 Nc6 4.d4 cxd4 5.Nxd4 Nf6 6.Be2 Bb4 7.O-O Bxc3 8.bxc3 Nxe4
9.Bd3 Nf6 10.Nb5 O-O 11.Ba3 Ne7 12.Nd6 Ne8 13.Re1 f5 14.Bc4 Nxd6 15.Qxd6 Re8
16.Rad1 Nc6 17.Bb5 Qf6 18.c4 e5 19.Qd5+ Kh8 20.Bb2 a6 21.Bxc6 dxc6 22.Rxe5 Be6
23.Qc5 Qf7 24.h4 h5 25.Rd3 Kh7 26.Rg3 g6 27.Rge3 Rad8 28.Re1 Rd7 29.Qe3  1-0

[Event "Petr Izmailov Mem"]
[Site "Tomsk RUS"]
[Date "2009.06.24"]
[Round "1"]
[White "Shomoev,A"]
[Black "Uteshev,A"]
[Result "1-0"]
[WhiteElo "2580"]
[BlackElo "2115"]

1.e4 c5 2.Nf3 e6 3.d4 cxd4 4.Nxd4 Nc6 5.Nc3 Nf6 6.Ndb5 d6 7.Bf4 e5 8.Bg5 a6
9.Na3 b5 10.Bxf6 gxf6 11.Nd5 Bg7 12.Bd3 Be6 13.Ne3 Qa5+ 14.c3 b4 15.Nac4 Qc5
16.Rc1 Bh6 17.O-O O-O 18.Qh5 Kg7 19.Rfd1 Ne7 20.Bf1 Rfd8 21.cxb4 Qxb4 22.a3 Qb7
23.Nxd6 Qxb2 24.Rb1 Qxa3 25.Ng4 Bf4 26.Rd3 Qa2 27.Rb7 Ng6 28.Rh3 h6 29.Nf5+ Kf8
30.Nxf6 Rab8 31.Rd3 Qa5 32.Qd1 Bxf5 33.Rxb8 Rxb8 34.exf5 Rc8 35.fxg6 Rc1
36.Rd8+ Kg7 37.Nh5+ Kxg6 38.Rg8+ Kf5 39.Qd7+  1-0

[Event "FRA-ARM Rapid"]
[Site "Paris FRA"]
[Date "2009.06.25"]
[Round "5"]
[White "Akopian,Vl"]
[Black "Lautier,J"]
[Result "1-0"]
[WhiteElo "2696"]
[BlackElo "2658"]

1.e4 c5 2.Nf3 e6 3.d4 cxd4 4.Nxd4 Nc6 5.Nc3 a6 6.Nxc6 bxc6 7.Bd3 d5 8.O-O Nf6
9.Qe2 Be7 10.b3 O-O 11.Bb2 c5 12.Rad1 Bb7 13.exd5 exd5 14.Na4 Qc7 15.Rfe1 Ne4
16.Bxe4 dxe4 17.Qg4 g6 18.Rd7 Qc8 19.Nb6 Qc6 20.Nd5  1-0

[Event "zt 3.4"]
[Site "Tashkent UZB"]
[Date "2009.06.25"]
[Round "13"]
[White "Djuraev,S"]
[Black "Tologontegin,S"]
[Result "1-0"]
[WhiteElo "2391"]
[BlackElo "2367"]

1.e4 c5 2.Nf3 e6 3.Nc3 Nc6 4.d4 cxd4 5.Nxd4 Qc7 6.Be3 a6 7.Qd2 Nf6 8.f3 Be7
9.O-O-O h5 10.Qf2 d6 11.h3 b5 12.Bd3 Bb7 13.g4 Ne5 14.Kb1 Nfd7 15.g5 g6 16.Rhf1 Nxd3
17.cxd3 e5 18.Nb3 Nc5 19.f4 Nxb3 20.axb3 exf4 21.Qxf4 O-O 22.Bd4 Qd7 23.Bf6 Rfe8
24.Rf3 Qe6 25.Rdf1 Rad8 26.Ne2 Bxf6 27.gxf6 Kh7 28.Ng3 Qe5 29.Qd2 Bc8 30.Qe3 Rg8
31.d4 Qe8 32.h4 d5 33.e5 b4 34.Qg5 Qf8 35.Qd2 Bg4 36.Rf4 Be6 37.Rc1 Qh6 38.Nf1 Rc8
39.Rxc8 Rxc8 40.Ka2 a5 41.Nh2 g5 42.hxg5 Qxg5 43.Nf3 Qh6 44.Nh4 Kh8 45.Qg2 Rg8
46.Qf2 Rg4 47.Rxg4 Bxg4 48.Ng2 Qg6 49.Qd2 Kh7 50.Nh4 Qh6 51.Qc2+ Kh8 52.Qc7 Be6
53.Qxa5 Qf8 54.Qa7 Kh7 55.Qa6 Kh6 56.Qd3 Qa8+ 57.Kb1 Qg8 58.Qd2+ Qg5 59.Qf2 Qg4
60.Ka2 Kg5 61.Nf3+ Kf5 62.Ne1+ Qf4 63.Qc2+ Kg5 64.Qg2+ Qg4 65.Qd2+ Qf4 66.Qxb4 h4
67.Nd3 Qf1 68.Qd2+ Kg4 69.Nc5 h3 70.Ka3 Kg3 71.Qe3+ Kg2 72.Nd3 h2 73.Ne1+ Kh1
74.Qf3+ Kg1 75.Qg3+ Kh1 76.Nf3 Qa1+ 77.Kb4 Qxb2 78.Qxh2+ Qxh2 79.Nxh2 Kxh2
80.Kc5 Kg3 81.b4 Kf4 82.b5 Ke4 83.b6 Bc8 84.e6 Bxe6 85.b7 Kf5 86.b8=Q Kxf6
87.Qf4+ Ke7 88.Kc6 Kf8 89.Qg5 Ke8 90.Kc7 Kf8  1-0

[Event "CIQ"]
[Site "Montreal CAN"]
[Date "2009.06.27"]
[Round "9"]
[White "Leveille,F"]
[Black "Roussel Roozmon,T"]
[Result "1/2-1/2"]
[WhiteElo "2261"]
[BlackElo "2479"]

1.e4 c5 2.Nf3 e6 3.d4 cxd4 4.Nxd4 Nc6 5.Nc3 Qc7 6.g3 a6 7.Bg2 Nf6 8.O-O Bc5
9.Nb3 Ba7 10.Bg5 Ne5 11.Qe2 d6 12.Rad1 Bd7 13.h3 h6 14.Bc1 b5 15.Qd2 Nc4
16.Qe1 Rc8 17.Ne2 O-O 18.Nf4 a5 19.a3 a4 20.Na1 Bc6 21.Qe2 Qb7 22.Rfe1 e5
23.Nd5 Bxd5 24.exd5 b4 25.axb4 Qxb4 26.b3 Na3 27.c3 Qc5 28.bxa4 Nb1 29.Be3 Nxc3
30.Qa6 Qc7 31.Qxa7 Qxa7 32.Bxa7 Nxd1 33.Rxd1 Ra8 34.Be3 Rxa4 35.Nb3 Rb8 36.Nd2 Rb5
37.Nf1 Raa5 38.Bd2 Ra2 39.Ne3 Rbb2 40.Be1 Ra4 41.Rc1 Rba2 42.Rc8+ Kh7 43.Rd8 Ra1
44.Kf1 Ne4 45.g4 Nc5 46.Rxd6 Nd3 47.Nc2 Nxe1 48.Nxe1 Rd4 49.Ke2 Ra2+ 50.Ke3 Ra3+
51.Ke2 Ra2+ 52.Ke3 Ra3+  1/2-1/2

[Event "Open"]
[Site "Pula CRO"]
[Date "2009.06.27"]
[Round "1"]
[White "Kavcic,J"]
[Black "Csonka,A1"]
[Result "0-1"]
[WhiteElo "1998"]
[BlackElo "2327"]

1.e4 c5 2.Nf3 e6 3.d4 cxd4 4.Nxd4 Nc6 5.Nc3 Qc7 6.Be3 a6 7.Bd3 Nf6 8.O-O Ne5
9.Be2 h5 10.h3 b5 11.f4 Nc4 12.Bxc4 Qxc4 13.Qd3 Bb7 14.e5 Nd5 15.Qxc4 bxc4
16.Nxd5 Bxd5 17.f5 Rb8 18.b3 Bb4 19.f6 Rg8 20.fxg7 Rxg7 21.Rf2 Bc3 22.Rd1 Be4
23.Bf4 Ke7 24.Kh2 Rbg8 25.g3 Rc8 26.Nf3 Rc5 27.bxc4 Bxf3 28.Rxf3 Bxe5 29.Rfd3 Bxf4
30.Rxd7+ Kf6 31.Rf1 Rxc4 32.Rxf4+ Rxf4 33.gxf4 Kf5 34.c4 Kxf4 35.c5 Kf3 36.Kh1 Rg5
37.Rxf7+ Kg3 38.c6 Rc5 39.Rg7+ Kxh3 40.Kg1 Rxc6 41.a4 Rc4 42.Rg6 Rg4+  0-1

[Event "Open"]
[Site "Albena BUL"]
[Date "2009.06.28"]
[Round "9"]
[White "Ivanov,Bog"]
[Black "Ivanov,Jo"]
[Result "0-1"]
[WhiteElo "2165"]
[BlackElo "2435"]

1.e4 c5 2.Nf3 e6 3.d4 cxd4 4.Nxd4 Nc6 5.Nc3 Qc7 6.g3 a6 7.Bg2 d6 8.O-O Bd7
9.Re1 Be7 10.Nxc6 Bxc6 11.Qg4 h5 12.Qe2 h4 13.a4 hxg3 14.hxg3 Kf8 15.Nd1 d5
16.exd5 Bxd5 17.Ne3 Bxg2 18.Nxg2 Rc8 19.Bf4 Qc6 20.c4 Nf6 21.b3 Rh5 22.Be5 g6
23.Rad1 Nd7 24.Ba1 Bb4 25.Rf1 Nc5 26.Qb2 e5 27.Rd5 Re8 28.Rfd1 Qe6 29.Qe2 a5
30.Qe3 b6 31.Rd8 f6 32.R8d6 Qh3 33.Nh4 Ne6 34.Qf3 Kf7 35.Rd7+ Re7 36.Rxe7+ Bxe7
37.Qg2 Rxh4 38.gxh4 Qxh4 39.Kf1 Nf4 40.Qf3 Bc5 41.Rd7+ Ke6 42.Rd8 Kf5 43.Bc3 g5
44.Bd2 g4 45.Qg3 Qh1+ 46.Qg1 Qh3+ 47.Ke1 Nd3+  0-1

[Event "ch-SWE"]
[Site "Kungsor SWE"]
[Date "2009.06.28"]
[Round "1"]
[White "Johansson,Ja SWE"]
[Black "Akesson,R"]
[Result "0-1"]
[WhiteElo "2440"]
[BlackElo "2493"]

1.e4 c5 2.Nf3 e6 3.d4 cxd4 4.Nxd4 Nc6 5.Nc3 a6 6.g3 d6 7.Bg2 Bd7 8.Be3 Nf6
9.Qe2 Be7 10.Rd1 Qc7 11.O-O O-O 12.Nb3 b5 13.a3 Ne5 14.f4 Nc4 15.Bc1 e5 16.Nd5 Nxd5
17.exd5 f5 18.Kh1 Rae8 19.c3 Qb6 20.Qf3 Bc8 21.Na1 Qc5 22.b3 e4 23.Qe2 Nb6
24.Be3 Qc7 25.Nc2 Bb7 26.c4 bxc4 27.Bxb6 Qxb6 28.bxc4 Bc8 29.Qd2 Bd7 30.Rb1 Qc7
31.Ne3 Rb8 32.Rxb8 Rxb8 33.g4 Rb3 34.Nxf5 Bxf5 35.gxf5 Qxc4 36.Rc1 e3 37.Qe1 Qxf4
38.Qe2 h6 39.Rf1 Qa4 40.Qc2 Bf6 41.Bf3 Qb5 42.Re1 Qb8 43.a4 Qb4 44.Qc8+ Kh7
45.Re2 Qf4  0-1

[Event "Open"]
[Site "Pula CRO"]
[Date "2009.06.28"]
[Round "2"]
[White "Zelcic,R"]
[Black "Wiedner,R"]
[Result "1-0"]
[WhiteElo "2555"]
[BlackElo "2189"]

1.e4 c5 2.Nf3 Nc6 3.d4 cxd4 4.Nxd4 e6 5.Nc3 a6 6.Be2 Qc7 7.O-O b5 8.Nxc6 dxc6
9.f4 e5 10.fxe5 Bc5+ 11.Kh1 Ne7 12.b4 Bxb4 13.Qd4 Qa5 14.Bd2 c5 15.Qe3 Qa3
16.Nd5 Nxd5 17.Qxa3 Bxa3 18.exd5 O-O 19.Rae1 Bb7 20.Bf3 Rad8 21.d6 Bxf3 22.gxf3 Rfe8
23.f4 c4 24.Ba5 Rd7 25.Bc7 Bb2 26.Kg2 Re6 27.Kf3 f5 28.Rb1 Ba3 29.Rg1 Kf7
30.Rg5 g6 31.h4 h6 32.Rg3 Ke8 33.Rbg1 Rg7 34.h5 g5 35.fxg5 Bb2 36.gxh6 Rxg3+
37.Rxg3 Bxe5 38.Rg6 Kd7 39.Rxe6  1-0

[Event "Petr Izmailov Mem"]
[Site "Tomsk RUS"]
[Date "2009.06.28"]
[Round "5"]
[White "Badmatsyrenov,O"]
[Black "Bocharov,D"]
[Result "1-0"]
[WhiteElo "2386"]
[BlackElo "2606"]

1.e4 c5 2.Nf3 Nc6 3.d4 cxd4 4.Nxd4 e6 5.Nc3 Qc7 6.f4 a6 7.Be3 b5 8.Bd3 Bb7
9.Qe2 Nxd4 10.Bxd4 Ne7 11.Qf2 Nc6 12.Bb6 Qb8 13.O-O-O Be7 14.Rhe1 O-O 15.Re3 Rc8
16.Rh3 Nb4 17.Bd4 Qc7 18.Bxg7 Kxg7 19.Qg3+ Kh8 20.e5 Nxd3+ 21.Qxd3 f5 22.exf6 Qxf4+
23.Rd2 Qf5 24.Qxf5 exf5 25.fxe7 Re8 26.Rxd7 Bxg2 27.Rhd3 Bc6 28.Rc7 Bh1 29.Rd1 Bg2
30.Nd5 Bf3 31.Rd4 Kg7 32.Nf6 Rf8 33.Rd8 Bh5 34.Rcc8  1-0